000 00539nam a2200181Ia 4500
008 151018s9999 xx 000 0 und d
082 _bRBASDV17906
_a927
100 _aबाळ ज पंडित
245 _aदि लिटल मास्टर
250 _b1
260 _bक्ष
_c1983
300 _a174
600 _aबाळ ज पंडित
630 _aदि लिटल मास्टर
700 _aबाळ ज पंडित
730 _aदि लिटल मास्टर
942 _cBOOK
999 _c1018580
_d1018577